Civilizations in Rise of Kingdoms - Statistics

General Stats
  • This quiz has been taken 16 times
  • The average score is 13 of 15
Answer Stats
Continent Empire/Civilization % Correct
Asia China
100%
Africa/Asia Egypt
100%
Asia Japan
100%
Europe/Asia/Africa Rome
100%
Europe France
88%
Europe Germany
88%
Europe/Asia/Africa Greece
88%
Asia Korea
88%
C. America Maya
88%
Europe/Asia/Africa Ottoman Empire
88%
Africa/Asia Arabia
75%
Europe Spain
75%
Europe/N. America Vikings
75%
Europe Britain
63%
Europe/Asia/Africa Byzantium
63%
No matching quizzes found
Score Distribution
Percent of People with Each Score
Percentile by Number Answered
Your Score History
You have not taken this quiz